| 000 | 00483nam a2200157 a 4500 | ||
|---|---|---|---|
| 001 | 000029684 | ||
| 005 | 20200930055729.0 | ||
| 008 | 110425s1972 dr c 000 0 spa d | ||
| 040 |
_aDO-SdBNP _bspa _cBNPHU |
||
| 082 |
_axxxx _bF316c |
||
| 100 | 1 |
_aFeliz N., Pedro Nelson _956484 |
|
| 245 | 1 | 0 |
_aCinco acrósticos y un mensaje al Partido Reformista / _cPedro Nelson Feliz N. |
| 260 |
_aSanto Domingo : _bImprenta Nuñez, _c1972. |
||
| 300 |
_a15 p. : _bretr. ; _c21 cm. |
||
| 049 | _aBNPD | ||
| 999 |
_c29176 _d29176 |
||